[Event "Oberliga Nord O 1920"]
[Site "Germany"]
[Date "2019.11.24"]
[Round "3.5"]
[White "Schulze Bergcamen, Stefan"]
[Black "Meissner, Hans Juergen"]
[Result "1/2-1/2"]
[WhiteElo "2022"]
[BlackElo "2222"]
[PlyCount "120"]
[EventDate "2019.09.29"]
[EventType "team-tourn"]
[EventRounds "9"]
[EventCountry "GER"]
[SourceTitle "CBM 195 Extra"]
[Source "ChessBase"]
[SourceDate "2020.05.31"]
[SourceVersion "1"]
[SourceVersionDate "2020.05.31"]
[SourceQuality "1"]

1. d4 Nf6 2. Nf3 g6 3. Nc3 Bg7 4. e4 d6 5. h3 0-0 6. Be3 b6 7. Bd3 Bb7 8. Qd2 Nc6 9. Bh6 e5 10. dxe5 Nxe5 11. Nxe5 dxe5 12. Bg5 a6 13. a4 Qd4 14. Bxf6 Bxf6 15. Ne2 Qd8 16. Rd1 Qe7 17. 0-0 Kg7 18. c4 a5 19. Bc2 Rad8 20. Qe3 Bg5 21. Qc3 Qc5 22. b3 h5 23. Qg3 Bf6 24. Nc3 c6 25. Qe3 Be7 26. Qxc5 Bxc5 27. Rxd8 Rxd8 28. Rd1 Rxd1+ 29. Nxd1 Bd4 30. Kf1 Kf6 31. Ke2 Kg5 32. Ne3 Bc8 33. Kf3 h4 34. Bd3 Bd7 35. Nc2 Bc5 36. Bf1 f5 37. Bd3 Kf6 38. Ke2 Be6 39. Ne1 f4 40. f3 g5 41. Bc2 Ke7 42. Bd1 Kd6 43. Nd3 Bd4 44. Kd2 Bd7 45. Be2 Be8 46. Kc2 Kc7 47. Kb1 Kb7 48. Ka2 Bf7 49. Ka3 Kc7 50. Bf1 Be6 51. Be2 Kd6 52. Bf1 Bf7 53. Be2 Be8 54. Ka2 Bd7 55. Ka3 Bc3 56. Ka2 Be8 57. Ka3 Bd4 58. Ka2 Bc5 59. Kb2 Bb4 60. Kc2 Bd7 1/2-1/2

[Event "Ruhrgebiet Verbandsliga Gruppe 1 1718"]
[Site "Germany"]
[Date "2018.04.29"]
[Round "9.5"]
[White "Brockmann, Michael"]
[Black "Schulze Bergcamen, Stefan"]
[Result "1-0"]
[WhiteElo "2002"]
[BlackElo "1940"]
[PlyCount "111"]
[EventDate "2017.09.17"]
[EventType "team-tourn"]
[EventRounds "9"]
[EventCountry "GER"]
[SourceTitle "EXT 2022"]
[Source "ChessBase"]
[SourceDate "2021.10.06"]
[SourceVersion "1"]
[SourceVersionDate "2021.10.06"]
[SourceQuality "1"]
[WhiteTeam "Eichlinghofen SV"]
[BlackTeam "Kamen SV II"]
[WhiteTeamCountry "GER"]
[BlackTeamCountry "GER"]

1. d4 g6 2. c4 Bg7 3. e4 c5 4. d5 d6 5. Bd3 Nd7 6. f4 e6 7. Nf3 exd5 8. cxd5 Ne7 9. 0-0 Qb6 10. Rf2 0-0 11. Nbd2 Qc7 12. Qb3 a6 13. a4 Rb8 14. a5 b5 15. axb6 Nxb6 16. Qa2 Kh8 17. Nc4 f5 18. e5 Nexd5 19. Nxd6 Nb4 20. Qa3 Be6 21. Bf1 Rfd8 22. Ng5 Bg8 23. Qh3 Rxd6 24. exd6 Qxd6 25. Be3 Re8 26. Re1 Rxe3 27. Rxe3 Bd4 28. Ref3 N6d5 29. Qxh7+ Bxh7 30. Nf7+ Kg7 31. Nxd6 Bg8 32. Kh1 Bxf2 33. Rxf2 Ne3 34. Be2 Bd5 35. Kg1 Kf6 36. Bf3 Bb3 37. Rd2 Nec2 38. Nb7 c4 39. Bd1 Ne3 40. Bf3 Nd3 41. Na5 Nxf4 42. Kf2 Ng4+ 43. Bxg4 fxg4 44. Nxb3 cxb3 45. g3 Ne6 46. Rd5 g5 47. Ke3 Nc7 48. Ra5 Kg6 49. Kd4 Ne6+ 50. Ke5 Nc7 51. Ra3 Nb5 52. Rxb3 Kh5 53. Rd3 Nc7 54. Kf6 Ne8+ 55. Kf7 Nc7 56. Rd8 1-0

[Event "Ruhrgebiet Verbandsliga Gruppe 1 1617"]
[Site "Germany"]
[Date "2017.03.12"]
[Round "8.3"]
[White "Nowak, Steven"]
[Black "Schulze Bergcamen, Stefan"]
[Result "1/2-1/2"]
[WhiteElo "1982"]
[BlackElo "1927"]
[PlyCount "107"]
[EventDate "2016.09.04"]
[EventType "team-tourn"]
[EventRounds "9"]
[EventCountry "GER"]
[SourceTitle "EXT 2022"]
[Source "ChessBase"]
[SourceDate "2021.10.06"]
[SourceVersion "1"]
[SourceVersionDate "2021.10.06"]
[SourceQuality "1"]
[WhiteTeam "Bottrop SV"]
[BlackTeam "Kamen SV II"]
[WhiteTeamCountry "GER"]
[BlackTeamCountry "GER"]

1. c4 c5 2. Nc3 b6 3. e4 Bb7 4. d3 Nc6 5. g3 g6 6. Bg2 Bg7 7. Nge2 d6 8. 0-0 Qd7 9. Be3 e6 10. f4 Nge7 11. d4 cxd4 12. Nxd4 0-0 13. Qd2 Nxd4 14. Bxd4 Rfd8 15. Bxg7 Kxg7 16. Rad1 Qc6 17. f5 exf5 18. exf5 Qc5+ 19. Rf2 Nxf5 20. Bxb7 Rab8 21. Bd5 Rd7 22. Ne4 Qe3 23. Qxe3 Nxe3 24. Rd3 Ng4 25. Rf1 f5 26. Ng5 Ne5 27. Rd2 h6 28. Ne6+ Kf6 29. Nd4 a6 30. a4 Rc7 31. b3 h5 32. h3 Re8 33. Rfd1 Rh7 34. Nf3 Rb8 35. Nxe5 dxe5 36. Bc6 h4 37. Rd6+ Kg5 38. gxh4+ Rxh4 39. Kh2 e4 40. Rg1+ Kf4 41. Rdxg6 Rbh8 42. R6g3 Ke5 43. Rd1 f4 44. Rc3 f3 45. Rd5+ Kf6 46. Bd7 Rg8 47. Rc2 Rf4 48. Rd1 e3 49. Bg4 e2 50. Re1 Re8 51. Bxf3 Rxf3 52. Rcxe2 Rxe2+ 53. Rxe2 Rxb3 54. Ra2 1/2-1/2

[Event "Ruhrgebiet Verbandsliga Gruppe 1 1617"]
[Site "Germany"]
[Date "2016.12.18"]
[Round "5.3"]
[White "Boehm, Ingo"]
[Black "Schulze Bergcamen, Stefan"]
[Result "1/2-1/2"]
[WhiteElo "2043"]
[BlackElo "1917"]
[PlyCount "104"]
[EventDate "2016.09.04"]
[EventType "team-tourn"]
[EventRounds "9"]
[EventCountry "GER"]
[SourceTitle "EXT 2022"]
[Source "ChessBase"]
[SourceDate "2021.10.06"]
[SourceVersion "1"]
[SourceVersionDate "2021.10.06"]
[SourceQuality "1"]
[WhiteTeam "Bochum-Linden"]
[BlackTeam "Kamen SV II"]
[WhiteTeamCountry "GER"]
[BlackTeamCountry "GER"]

1. e4 d5 2. exd5 Qxd5 3. Nc3 Qd6 4. Bc4 Nf6 5. d4 c6 6. Nge2 Bf5 7. 0-0 e6 8. Ng3 Bg6 9. f4 Be7 10. f5 exf5 11. Nxf5 Bxf5 12. Rxf5 0-0 13. a3 b5 14. Bb3 Na6 15. Be3 Nc7 16. Qf3 Rad8 17. Rf1 Ncd5 18. Bxd5 Nxd5 19. Nxd5 cxd5 20. Rxf7 Qe6 21. Rxf8+ Rxf8 22. Qg3 Bf6 23. Bf2 Qf5 24. Qf3 Qd7 25. Qd3 a6 26. Re1 Bg5 27. Qe2 Rf6 28. Bg3 Rc6 29. Qh5 Rg6 30. Re5 Qd8 31. Qe2 Kf7 32. Qf3+ Rf6 33. Qh5+ Rg6 34. Qxh7 Bf6 35. Re1 Bxd4+ 36. Kh1 Bxb2 37. Qh5 Qg5 38. Qe2 Kg8 39. Qd3 Rf6 40. Re8+ Kf7 41. Re1 Qf5 42. Qd1 Bc3 43. Rg1 Kg8 44. h3 Qe4 45. Kh2 Rg6 46. Rf1 Be5 47. Rf3 Rxg3 48. Rxg3 d4 49. Qh5 Bf4 50. Qc5 Qe5 51. Qc8+ Kh7 52. Qg4 Kg8 1/2-1/2

[Event "Ruhrgebiet Verbandsklasse Gruppe 1 1516"]
[Site "Germany"]
[Date "2016.04.24"]
[Round "9.1"]
[White "Schulze Bergcamen, Stefan"]
[Black "Adiyaman, Rene"]
[Result "0-1"]
[WhiteElo "1933"]
[BlackElo "2068"]
[PlyCount "72"]
[EventDate "2015.09.06"]
[EventType "team-tourn"]
[EventRounds "9"]
[EventCountry "GER"]
[SourceTitle "EXT 2022"]
[Source "ChessBase"]
[SourceDate "2021.10.06"]
[SourceVersion "1"]
[SourceVersionDate "2021.10.06"]
[SourceQuality "1"]
[WhiteTeam "Kamen SV II"]
[BlackTeam "Welper SV II"]
[WhiteTeamCountry "GER"]
[BlackTeamCountry "GER"]

1. d4 Nf6 2. Nc3 e6 3. g3 c5 4. e3 cxd4 5. exd4 Nc6 6. Bg2 b6 7. Nge2 Ba6 8. 0-0 d5 9. Re1 Bd6 10. Bf4 0-0 11. a3 Rc8 12. Rc1 Ne8 13. a4 Bb4 14. Bd2 Nd6 15. b3 Qf6 16. Nb5 Bxd2 17. Qxd2 Nxb5 18. axb5 Bxb5 19. c4 dxc4 20. bxc4 Ba6 21. Qa2 Nb4 22. Qa3 Qe7 23. c5 bxc5 24. dxc5 Rxc5 25. Rxc5 Qxc5 26. Rc1 Qb6 27. Nf4 Rb8 28. Rb1 Qd4 29. h4 Rb6 30. Bf3 Nd3 31. Rxb6 Qxf2+ 32. Kh1 Qxf3+ 33. Kh2 Qf2+ 34. Kh1 Qxb6 35. Nxd3 Bb7+ 36. Kh2 Qc6 0-1

[Event "Ruhrgebiet Verbandsklasse Gruppe 1 1516"]
[Site "Germany"]
[Date "2016.01.24"]
[Round "6.1"]
[White "Schulze Bergcamen, Stefan"]
[Black "Kusnetsov, Mark"]
[Result "1/2-1/2"]
[WhiteElo "1909"]
[BlackElo "2086"]
[PlyCount "47"]
[EventDate "2015.09.06"]
[EventType "team-tourn"]
[EventRounds "9"]
[EventCountry "GER"]
[SourceTitle "EXT 2022"]
[Source "ChessBase"]
[SourceDate "2021.10.06"]
[SourceVersion "1"]
[SourceVersionDate "2021.10.06"]
[SourceQuality "1"]
[WhiteTeam "Kamen SV II"]
[BlackTeam "Recklinghausen Altstadt"]
[WhiteTeamCountry "GER"]
[BlackTeamCountry "GER"]

1. Nf3 Nf6 2. b3 d5 3. Bb2 c5 4. e3 Nc6 5. Bb5 Bg4 6. h3 Bh5 7. Bxc6+ bxc6 8. g4 Bg6 9. d3 e6 10. Ne5 Qc7 11. Nd2 Nd7 12. Nxd7 Qxd7 13. Qe2 f6 14. e4 Bd6 15. e5 fxe5 16. Bxe5 0-0 17. 0-0 Rae8 18. f4 Be7 19. Nf3 Bd8 20. a4 a5 21. Kh2 Rf7 22. Ng5 Bxg5 23. fxg5 Ref8 24. h4 1/2-1/2

[Event "NRW Class1 1415"]
[Site "Germany"]
[Date "2015.02.08"]
[Round "6.8"]
[White "Schaefer, Martin"]
[Black "Schulze Bergcamen, Stefan"]
[Result "1-0"]
[WhiteElo "1866"]
[BlackElo "1933"]
[PlyCount "53"]
[EventDate "2014.09.14"]
[EventType "team-tourn"]
[EventRounds "9"]
[EventCountry "GER"]
[SourceTitle "EXT 2017"]
[Source "ChessBase"]
[SourceDate "2016.10.25"]
[SourceVersion "1"]
[SourceVersionDate "2016.10.25"]
[SourceQuality "1"]
[WhiteTeam "Ennepe Ruhr Sued"]
[BlackTeam "Kamen"]
[WhiteTeamCountry "GER"]
[BlackTeamCountry "GER"]

1. d4 d5 2. c4 e5 3. dxe5 d4 4. Nf3 Nc6 5. a3 Nge7 6. b4 Ng6 7. Bb2 Ncxe5 8. Nxe5 Nxe5 9. e3 Be6 10. c5 Nc6 11. exd4 Qe7 12. Be2 0-0-0 13. 0-0 Qf6 14. Kh1 g6 15. Qa4 Kb8 16. Nd2 Bg7 17. b5 Nxd4 18. Nf3 Qf4 19. Nxd4 Bxd4 20. Rad1 Bh3 21. Rxd4 Bxg2+ 22. Kxg2 Qg5+ 23. Rg4 Qd2 24. Bxh8 Qxe2 25. Bf6 Re8 26. Rd1 h5 27. Rgd4 1-0

[Event "Ruhrgebiet Regionalliga 1314"]
[Site "Ruhrgebiet"]
[Date "2014.03.23"]
[Round "8.8"]
[White "Schulze Bergcamen, Stefan"]
[Black "Niekrens, Stefan"]
[Result "1-0"]
[WhiteElo "1887"]
[BlackElo "1985"]
[PlyCount "169"]
[EventDate "2013.09.22"]
[EventType "team-tourn"]
[EventRounds "9"]
[EventCountry "GER"]
[SourceTitle "EXT 2024"]
[Source "ChessBase"]
[SourceDate "2023.10.10"]
[SourceVersion "1"]
[SourceVersionDate "2023.10.10"]
[SourceQuality "1"]
[WhiteTeam "Kamen"]
[BlackTeam "Bochum II"]
[WhiteTeamCountry "GER"]
[BlackTeamCountry "GER"]

1. d4 Nf6 2. Nc3 g6 3. Bg5 Bg7 4. e4 h6 5. Be3 d5 6. f3 dxe4 7. Nxe4 Nd5 8. Bf2 0-0 9. c3 Nd7 10. Qb3 N7f6 11. Nxf6+ exf6 12. 0-0-0 h5 13. g3 Bf5 14. Bd3 Qd7 15. Bxf5 Qxf5 16. Qc2 Qxc2+ 17. Kxc2 Rfe8 18. f4 Ne3+ 19. Bxe3 Rxe3 20. Nh3 Rae8 21. Nf2 Bf8 22. Nd3 Bd6 23. Rd2 b6 24. Rf1 Kg7 25. a4 h4 26. g4 Re2 27. Kd1 Rxd2+ 28. Kxd2 g5 29. h3 gxf4 30. Nxf4 Bxf4+ 31. Rxf4 Kg6 32. Rf5 Re4 33. b3 a5 34. Kd3 Re1 35. Rh5 Rd1+ 36. Kc4 f5 37. Rxf5 Rh1 38. Rf3 Rg1 39. Kd5 Rg3 40. Ke4 Rg1 41. c4 Re1+ 42. Re3 Rg1 43. c5 bxc5 44. dxc5 Rc1 45. Kd4 c6 46. Rc3 Rg1 47. Ke4 f6 48. Rd3 Rc1 49. Kd4 Rg1 50. Kc4 Rc1+ 51. Rc3 Rf1 52. Kd3 Kg5 53. Ke2 Rb1 54. Rf3 Rb2+ 55. Kd1 Kg6 56. Kc1 Rg2 57. Kd1 Kf7 58. Re3 Rh2 59. Kc1 Kg6 60. Rf3 Rg2 61. Kd1 Kf7 62. Rd3 Rh2 63. Rd7+ Kg6 64. Rd3 Kg5 65. Rf3 Kg6 66. b4 axb4 67. Rb3 Kf7 68. Rxb4 Rxh3 69. Ke2 Rc3 70. a5 h3 71. Kf2 Rc2+ 72. Kg1 Rxc5 73. Ra4 Rd5 74. a6 Rd8 75. a7 Ra8 76. Kh2 Ke6 77. Kxh3 Kd6 78. Kg3 Kc7 79. Kf4 Kb6 80. Kf5 c5 81. Kxf6 Kb5 82. Ra1 c4 83. g5 c3 84. g6 c2 85. Rc1 1-0

[Event "Ruhrgebiet Regionalliga 1213"]
[Site "Nordrheinwestfalen"]
[Date "2012.11.04"]
[Round "3.6"]
[White "Bobzin, Pierre David"]
[Black "Schulze Bergcamen, Stefan"]
[Result "1/2-1/2"]
[WhiteElo "2051"]
[BlackElo "1966"]
[PlyCount "26"]
[EventDate "2012.09.09"]
[EventType "team-tourn"]
[EventRounds "9"]
[EventCountry "GER"]
[SourceTitle "EXT 2020"]
[Source "ChessBase"]
[SourceDate "2019.10.17"]
[SourceVersion "1"]
[SourceVersionDate "2019.10.17"]
[SourceQuality "1"]
[WhiteTeam "Holsterhausen SK"]
[BlackTeam "Kamen SV"]
[WhiteTeamCountry "GER"]
[BlackTeamCountry "GER"]

1. Nf3 d5 2. g3 Nc6 3. Bg2 e5 4. d3 f5 5. 0-0 Nf6 6. c4 dxc4 7. Qa4 Bd6 8. Qxc4 Qe7 9. Nc3 Be6 10. Qh4 h6 11. Bg5 Kf7 12. Bxf6 Qxf6 13. Qxf6+ gxf6 1/2-1/2

[Event "Ruhrgebiet VK1 1112"]
[Site "Nordrheinwestfalen"]
[Date "2012.03.25"]
[Round "8"]
[White "Puetter, Pascal"]
[Black "Schulze Bergcamen, Stefan"]
[Result "0-1"]
[WhiteElo "1815"]
[BlackElo "2033"]
[PlyCount "72"]
[EventDate "2012.09.18"]
[EventType "team-tourn"]
[EventRounds "9"]
[EventCountry "GER"]
[SourceTitle "EXT 2020"]
[Source "ChessBase"]
[SourceDate "2019.10.17"]
[SourceVersion "1"]
[SourceVersionDate "2019.10.17"]
[SourceQuality "1"]
[WhiteTeam "Oberhausen SW"]
[BlackTeam "Kamen SV II"]
[WhiteTeamCountry "GER"]
[BlackTeamCountry "GER"]

1. e4 d5 2. exd5 Qxd5 3. Nc3 Qd6 4. d4 Nf6 5. Nf3 a6 6. Be2 Nc6 7. h3 h6 8. Be3 Bf5 9. a3 e6 10. Qd2 g5 11. 0-0-0 Ne4 12. Nxe4 Bxe4 13. h4 g4 14. Ne1 h5 15. f3 gxf3 16. gxf3 Bg6 17. Bf4 Qd5 18. c4 Qa5 19. Qxa5 Nxa5 20. b4 Nb3+ 21. Kb2 Nxd4 22. Be5 Nxe2 23. Bxh8 Ng3 24. Rh2 Nf1 25. Re2 Ng3 26. Red2 Be7 27. Be5 Nf5 28. Ng2 Rc8 29. Rh1 c5 30. Kb3 b5 31. cxb5 axb5 32. bxc5 Rxc5 33. Bd4 Rc4 34. Bf2 Ra4 35. Ra2 Nd6 36. Nf4 Rxf4 0-1

[Event "Ruhrgebiet Regionalliga 0708"]
[Site "Germany"]
[Date "2008.03.16"]
[Round "7.8"]
[White "Schulze Bergcamen, Stefan"]
[Black "Huttny, Georg"]
[Result "1/2-1/2"]
[WhiteElo "1952"]
[BlackElo "1810"]
[PlyCount "42"]
[EventDate "2007.09.16"]
[EventType "team"]
[EventRounds "9"]
[EventCountry "GER"]
[SourceTitle "EXT 2009"]
[Source "ChessBase"]
[SourceDate "2008.11.26"]
[SourceVersion "1"]
[SourceVersionDate "2008.11.26"]
[SourceQuality "1"]
[WhiteTeam "Kamen"]
[BlackTeam "Gladbeck SG"]
[WhiteTeamCountry "GER"]
[BlackTeamCountry "GER"]

1. d4 Nf6 2. Nf3 g6 3. c4 c5 4. e3 cxd4 5. exd4 Bg7 6. Nc3 0-0 7. Be2 d5 8. b3 Nc6 9. 0-0 b6 10. Bb2 Bb7 11. Rb1 Rc8 12. cxd5 Nb4 13. Qd2 Nbxd5 14. Nxd5 Nxd5 15. h4 Qd6 16. g3 Nf6 17. Ne5 Rfd8 18. f4 Ne4 19. Qd3 Nf6 20. Rbc1 Be4 21. Qe3 Bb7 1/2-1/2